Statistiken für Berühmte Persönlichkeiten als Kind/Jugendlich #2

Klicken Sie hier um das Quiz zu spielen!

Allgemein

  • Dieses Quiz wurde 2.273 mal gespielt
  • Das Durchschnittsergebnis liegt bei 5 aus 13

Antwortstatistiken

Antwort% Korrekt
Rihanna
81%
Wladimir (Wladimirowitsch) Putin
76%
Christiano Ronaldo
70%
Selena Gomez
61%
Thomas Müller
53%
Ryan Reynolds
43%
Adele
31%
Kanye West
29%
Taylor Swift
29%
Jim Parson
20%
Channing Tatum
18%
Johnny Depp
11%
Robert Pattinson
1%

Verteilung der Resultate

Perzentil nach korrekt beantworteten Fragen

Anzahl Personen mit jedem Resultat

Ihre Resultats-Entwicklung

Sie haben dieses Quiz noch nicht gespielt